Business communication : strategies and skill
Đã lưu trong:
| Príomhúdar: | |
|---|---|
| Formáid: | Leabhar |
| Teanga: | Undetermined |
| Foilsithe: |
Chicago
Dryden Press
1988
|
| Ábhair: | |
| Clibeanna: |
Cuir Clib Leis
Gan Chlibeanna, Bí ar an gcéad duine leis an taifead seo a chlibeáil!
|
| Thư viện lưu trữ: | Trung tâm Học liệu Trường Đại học Cần Thơ |
|---|
| LEADER | 00607nam a2200205Ia 4500 | ||
|---|---|---|---|
| 001 | CTU_162197 | ||
| 008 | 210402s9999 xx 000 0 und d | ||
| 020 | |c 28.13 | ||
| 082 | |a 658.45 | ||
| 082 | |b H918/3rd | ||
| 100 | |a Huseman, Richard C. | ||
| 245 | 0 | |a Business communication : | |
| 245 | 0 | |b strategies and skill | |
| 245 | 0 | |c Richard C. Huseman, James M. Lahiff, John M. Penrose | |
| 260 | |a Chicago | ||
| 260 | |b Dryden Press | ||
| 260 | |c 1988 | ||
| 650 | |a Business communication,Giao tiếp trong kinh doanh | ||
| 910 | |a Nguyên | ||
| 980 | |a Trung tâm Học liệu Trường Đại học Cần Thơ | ||